000 00693nam a2200217Ia 4500
003 IN-BaIIA
008 211028s9999 xx 000 0 eng d
020 _a0-12-232650-4
040 _cIIA Library
080 _a535.5
_bEGA
100 _aEgan, Walter G
_912086
245 0 _aOptical properties of inhomogeneous materials
_bapplications to geology, astronomy, chemistry and engineering
_cWalter G Egan and theodore W Hilgeman
260 _aNew York
_bAcademic Press
_c1979
300 _axi, 235p.
650 _ainhomogeneous materials
_912087
650 _aNASA thesaurus
650 _aOptical properties
_93730
650 _aOptics
700 _aHilgeman, Theodore W.
_912088
942 _cBK
999 _c7064
_d7064